Quizzes
Events
Quiz Creation
Community
Videos
Private Events
Remove Ads
Sign In
Join for FREE
Feedback
Dark Mode
Quiz Categories
Sports
Geography
Music
Movies
Television
Just For Fun
Miscellaneous
History
Literature
Language
Science
Gaming
Entertainment
Religion
Holiday
For Kids
Quiz Lab
Recent
Popular Today
Quiz Kudos Today
Editor Picks
Curator Picks
Quizzes by...
Day
Popularity
Type
Ratings
Length
Year
Community
Subscriptions
Recent Discussions
Orange Saloon
Badges
Playlists
Quests
Create
Leaderboards
Showdown
Live 5
Trivia Bingo
Activity
Puzzle Library
Sporcle Events
Private Events
Virtual Trivia
Globe League
Become a Host
Pub Owners
SporcleCon
Opinionation
Our Games
Videos
Blog
Mobile Apps
Partnerships
Remove Ads and Go Orange
Feedback
Music
Pop Music
The Beatles
Song
Album
Lyrics
Bands
Singers
Artist
Clip
Rock
Rap
Classical
Billboard
Country Music
Kpop
Taylor Swift
Music
Pop Music
The Beatles
Song
Album
Lyrics
Bands
Singers
Artist
Clip
Rock
Rap
Classical
Billboard
Country Music
Kpop
Taylor Swift
Random Quiz
Search Sporcle
×
Quiz Lab
Quiz Lab
Music
Rock
Type in answers that appear in a list
Type in answers that appear in a list
Classic
Best Score? Go Orange.
Top 100 Classic Rock Artists Stats
Can you name the Top 100 Classic Rock Artists (according to UltimateClassicRock.com)?
By
lifelesspunk
10m
100 Questions
2,062 Plays
2,062 Plays
2,062 Plays
Comments
Comments
Give Quiz Kudos
Give Quiz Kudos
-
- Ratings
hide this ad
Replay
Link that replays current quiz
Next Quiz
Link to next quiz in quiz playlist
You Got
0%
They Got
Avg Score
65%
Avg Friend Score
Upgrade to see
Score Distribution
Jump to the score distribution portion of the page
Score
0/100
Timer
10:00
0
Plays Today
Rank
Artist
% Correct
1
The Beatles
99.1%
2
The Rolling Stones
97.3%
26
Queen
96.2%
36
Eagles
95.2%
4
Jimi Hendrix
94.7%
17
AC/DC
94.5%
9
Elton John
94.3%
3
Led Zeppelin
94.1%
34
John Lennon
92.5%
12
The Who
92.2%
10
Bruce Springsteen
91.5%
5
Bob Dylan
90.4%
39
Deep Purple
89.4%
16
The Doors
89.2%
14
Black Sabbath
88.8%
19
The Clash
86.6%
32
Lynyrd Skynyrd
86.1%
21
Aerosmith
85.7%
61
Alice Cooper
85.5%
15
The Kinks
85.4%
25
Cream
85.4%
30
Eric Clapton
84.7%
40
Paul McCartney
84.3%
6
Pink Floyd
84.1%
28
ZZ Top
83.8%
78
Phil Collins
83.6%
44
Kiss
83.5%
18
The Police
82.5%
81
Bon Jovi
82.4%
59
Ozzy Osbourne
82.4%
73
Dire Straits
81.6%
7
Van Halen
80.3%
8
David Bowie
79%
57
Santana
77.7%
Rank
Artist
% Correct
11
Neil Young
77.3%
98
Billy Idol
77.1%
63
Steve Miller
76.9%
52
Janis Joplin
76.8%
46
Yes
76.2%
71
Foreigner
75%
50
Rod Stewart
74.7%
93
Thin Lizzy
73.6%
53
Def Leppard
73.2%
13
Creedence Clearwater Revival
72.5%
56
Iron Maiden
71.9%
20
Metallica
70.7%
47
Bob Seger
70.3%
37
The Allman Brothers Band
69.5%
55
Judas Priest
68.2%
24
Tom Petty
68.2%
89
Motorhead
66.9%
49
Heart
66.5%
65
John Mellencamp
65.7%
22
The Band
65.6%
23
Fleetwood Mac
64.8%
43
Genesis
64.7%
31
Rush
64.3%
60
Boston
63.4%
33
Grateful Dead
62.2%
62
Stevie Nicks
62.1%
29
Billy Joel
61.8%
54
Jefferson Airplane
61.7%
88
The Moody Blues
61%
41
The Cars
60.7%
27
Guns N' Roses
59.5%
76
Motley Crue
57.9%
99
Ronnie James Dio
57.6%
45
Cheap Trick
56.8%
Rank
Artist
% Correct
35
Crosby, Stills, Nash and Young
56.3%
79
Bad Company
56%
72
Buffalo Springfield
54.7%
58
George Harrison
54%
84
Bachman-Turner Overdrive
53.7%
68
The Doobie Brothers
52.8%
66
Peter Gabriel
52.3%
42
Ramones
51.9%
90
Peter Frampton
49.5%
82
Don Henley
48.1%
100
Scorpions
48%
75
Joe Walsh
47.5%
64
Styx
47.2%
86
Ted Nugent
46.1%
83
Ringo Starr
46%
91
Chicago
45.7%
48
Journey
45.4%
70
Jethro Tull
45%
85
John Fogerty
38.7%
87
Emerson, Lake & Palmer
38.2%
38
Steely Dan
37.8%
51
Jackson Browne
34.9%
74
Electric Light Orchestra
34.3%
95
Blue Oyster Cult
30.4%
80
Faces
29.3%
69
Lou Reed
29%
92
The James Gang
29%
96
Stevie Ray Vaughan
26.5%
67
Robert Plant
20.8%
94
Traffic
19.7%
97
Jeff Beck
15.5%
77
Sammy Hagar
15.1%
Quiz Playlist
Details
Report
Send in Message
Add To Playlist
Classic:
Type in answers that appear in a list
Quiz Source
Last Updated: May 25, 2023
Quiz Scoreboard
CHALLENGE
Sign Up to Join the Scoreboard
Show All
Scores
Hide
Comments
May contain spoilers
Recently Published
Decade Duel: World Leaders
by jenniferyan
History
4m
Alphabetical 'K' Countries by Flag Minefield
by ylime102
Geography
3m
Pick 6: Fruits
by JohnFran
Miscellaneous
15s
More to Explore
Quiz From the Vault
Featured Blog Post
15 Basketball Trivia Facts You Can Be March Mad About
hide this ad
You Might Also Like...
Tags
Rock Quiz
Classic Rock
Notable Music
Progressive Rock
Rock Band
Rock Musicians
Rock n Roll
Top 100
Today's Top Quizzes in Music
Browse Music
hide this ad
Today's Top Quizzes in Rock
Browse Rock
Top Contributed Quizzes in Music
1
Taylor Swift All Songs (2024)
2
KPOP LOGIC QUIZ
3
Taylor Swift Logic Puzzle
4
Decade Duel: Singer
5
Guess the Taylor Swift song (Mystery Song)
6
A Taylor Swift Logic Puzzle
7
Guess The Taylor Swift Lyrics Song #1
8
kpop group name match up
9
2 word kpop group match
10
K-Pop : 100 Debut Songs (Part 1 of 3)
Explore More
Trending Topics
Disney
Crossword
Anime
NBA
Harry Potter
Kpop
Marvel
Song
NFL
The Office
WWE
Pokémon
Country
Puzzle
Soccer
hide this ad
More By:
lifelesspunk
Quiz
Plays
Rating
Category
Featured
Created
The 1,000 Greatest Horror Films (1-300)
5,255
5.00
Movies
Dec 16, 2019
The 1,000 Greatest Horror Films (301-600)
2,103
5.00
Movies
Dec 17, 2019
Top 100 Classic Rock Artists
2,062
4.57
Music
Mar 30, 2017
The 100 Best Animated Movies
1,777
3.80
Movies
Jul 3, 2017
Filmsite's 100 Greatest Films
1,317
4.08
Movies
Jan 5, 2016
Go to Creator's Profile
Score Distribution
Quiz Creator Spotlight
lifelesspunk
Follow
Send a Message
Quizzes Created
-
Created Quiz Play Count
-
More By This Creator
Popular Quizzes Today
1
Countries of Asia Without Outlines Minefield
2
Find the US States - No Outlines Minefield
3
Pick 6: Fruits
4
The Countries of the World
5
Alphabetical 'K' Countries by Flag Minefield
6
Find the Countries of Europe - No Outlines Minefield
7
US States
8
Find the US States
More Music Quizzes
Multiple Top 200 Hits of the 2000s
Editor's Pick
Trending Quizzes
Pick 6: Mountains
Pick 6: Harry Potter
Pick 6: Flags
Pick 6: NFL Teams
Pick 6: Movie Franchises
Recently Updated
Adaptations: Name the Title
pecheneg
NWSL Teams
pecheneg
Women's Final Four Teams by Year
bhenderson79
Presidents Quartet II
eogle
Anything But Clue(do)
eogle
Anything But Oceanian Capitals
eogle
Anything But 7
eogle
Anything But Thing
eogle
Word Ladder: February 29
pecheneg
Song Title Questions
pecheneg
Trending Topics
Crossword
Kpop
Disney
Harry Potter
Marvel
NBA
Anime
Country
Song
Pokémon
The Office
Puzzle
Soccer
WWE
NFL
Your Account Isn't Verified!
In order to create a playlist on Sporcle, you need to verify the email address you used during registration. Go to your
Sporcle Settings
to finish the process.
Report this User
Report this user for behavior that violates our
Community Guidelines
.
Details:
Send Report
Go to the Sporcle.com Mobile Site →
Comments